Vytautas Bubnys: Kvety nezasiatej raži, Vydavateľstvo Smena 1980

Podrobná bibliografia
Hlavní autori: Červeňák, Andrej, 1932-2012 (Autor), Bubnys, Vytautas, 1932- (Autor)
Médium: Článok
Jazyk:slovenčina
Predmet:

MARC

LEADER 00000nab a2200000 a 4500
001 vtls000083793
003 SK-MaSNL
005 20260303185103.0
008 131118c1981 xo 0 slo
015 |a SNBRB19rr/mm-uuuuu 
035 |a CL0093895 
040 |a SNKBUCL  |b slo  |c SNKBUCL  |e AACR2 
041 0 |a slo 
044 |a xo  |c SK 
080 |a 82.09:888.2-3(048)  |2 1981 
080 |a 888.2-3(048)  |2 1981 
100 1 |a Červeňák, Andrej,  |d 1932-2012  |4 aut  |9 153402 
245 1 0 |a Vytautas Bubnys: Kvety nezasiatej raži, Vydavateľstvo Smena 1980  |c Andrej Červeňák ; Vytautas Bubnys 
650 0 7 |a romány rodinné  |2 snkbucl  |9 921836 
650 0 7 |a romány mestské  |2 snkbucl  |9 924257 
650 0 7 |a sovietska literatúra  |2 snkbucl  |9 22300 
655 7 |a články z novín a časopisov  |2 snkbucl  |9 267496 
655 7 |a články z odboru literárna veda a krásna literatúra  |2 snkbucl  |9 770045 
700 1 |a Bubnys, Vytautas,  |d 1932-  |4 aut  |9 178649 
773 0 |t Romboid  |g Roč. 16, č. 4 (1981), s. 88 
787 0 8 |i Rec.:  |a Bubnys, Vytautas  |t Kvety nezasiatej raži  |d Bratislava : Vydavateľstvo Smena, 1980 
850 |a Slovenská národná knižnica v Martine  |a MTA001 
852 |a SNK  |b KIS3GCP 
958 |a RK 
958 |a LX 
992 |a RBX 
999 |c 2129692  |d 2131622